00225nam a2200109Ia 4500008004100000041000800041082001000049100001900059245002100078260000900099365000700108240625s9999 xx 000 0 und d aeng a808.2 aMANORAMA MUSIC aKEERTHANA MURALI c2012 cRS